000 01053nam a2200265Ia 4500
003 OSt
005 20221005105217.0
006 a|||||r|||| 00| 0
007 ta
008 221004b |||||||| |||| 00| 0 hin d
020 _a97889382302865 (hbk)
_c695
024 _a17632
037 _b116, 21/03/2015, Mallika Books
_cTextual
040 _aCRL
_cCRL
_bhin
041 _2hin
_ahin
082 _aO152:g, Q3
100 _aयादव, वीरेन्द्र सिंह
245 0 _aसाहित्य के बदलते परिप्रेक्ष्य
_b दशा और दिशा
246 _aSāhitya ke badalate pariprekṣhya: dashā aur dishā
260 _aनई दिल्ली
_bअल्फा पब्लिकेशन्स भारत
_c2013
300 _a207पृ0
_ccm.
650 _aहिन्दी साहित्य
942 _hO152:g, Q3
_cTEXL
_2cc
999 _c1015132
_d1015132